| 000 | 00515nam a2200169Ia 4500 | ||
|---|---|---|---|
| 999 |
_c21957 _d21957 |
||
| 082 | _a915.40072 SUR- | ||
| 245 | 0 | _aSurvey of research in physical geography | |
| 260 |
_aNew Delhi _bConcept Publishing Company _c1983 |
||
| 300 | _axvi, 332 | ||
| 500 | _aA companion volume to "Survey of research in geography", 1972 | ||
| 504 | _aIncludes index | ||
| 650 |
_aSocial sciences _vResearch |
||
| 650 |
_aGeography _vResearch |
||
| 650 |
_aPhysical geography _vResearch |
||
| 650 | _aGeography, Physical | ||
| 942 | _cBK | ||